000 00600nam a2200241 a 4500
001 nice12345678
003 IN_TiNIC
005 20260116013047.0
008 050524s1995 newa grp 000 0 eng
020 _a0264670
_c803.33
082 0 0 _a291
_bHAR
100 _aHart, David A
245 _aOne Faith? Non Realism and the World of Faiths.
260 _aNew York
_bMowbray
_c1995
300 _a178p
500 _aincludes index and biblioraphy
505 2 _aIndex
650 _aComparative Religion
700 1 _aHart, David A
902 _bSRS
942 _cBK
999 _c9478
_d9478